LEADER 00888nam0 2200253 450 001 000024849 005 20090323151752.0 010 $a1-55860-369-7 100 $a20090323d2006----km-y0itay50------ba 101 0 $aeng 102 $aUS 105 $ay-------001yy 200 1 $aDigital compression for multimedia$eprinciples and standards$fJerry D. Gibson ... [et. al.] 210 $aS. Francisco$c2006$dMorgan Kaufmann Publishers 215 $axvii, 478 p.$cill.$d25 cm 500 10$aDigital compression for multimedia$959263 610 1 $aSistemi multimediali$aCompressione immagini 676 $a005.746$v20$9Archivi e basi di dati. Compressione dei dati 702 1$aGibson,$bJerry D. 801 0$aIT$bUNIPARTHENOPE$c20090323$gRICA$2UNIMARC 912 $a000024849 951 $aP1 005-D/2$b41284$cPIST$d2009 996 $aDigital compression for multimedia$959263 997 $aUNIPARTHENOPE LEADER 00982nam0 2200289 450 001 000027724 005 20110110133322.0 010 $a88-14-14390-0 100 $a20100831d2008----km-y0itay50------ba 101 0 $aita 102 $aIT 105 $ay-------001yy 200 1 $aAccesso alla rete e uguaglianza digitale$fa cura di Eugenio De Marco$gcon i contributi di Anna Papa ... [et al.] 210 $aMilano$cGiuffrè$d2008 215 $aVII, 117 p.$d24 cm 225 2 $aCollana di diritto pubblico$fUniversità degli studi di Milano, Dipartimento giuridico-politico$v28 410 0$12001$aCollana di diritto pubblico 610 1 $aInternet$aAspetti giuridici 676 $a005.276$v21 676 $a354.75$v21 702 1$aDe Marco,$bEugenio 702 1$aPapa,$bAnna 801 0$aIT$bUNIPARTHENOPE$c20100831$gRICA$2UNIMARC 912 $a000027724 951 $a354-A/1$b42470$cNAVA1$d2010 996 $aAccesso alla rete e uguaglianza digitale$9809903 997 $aUNIPARTHENOPE